<?xml version="1.0" encoding="UTF-8"?>
<record
    xmlns:xsi="http://www.w3.org/2001/XMLSchema-instance"
    xsi:schemaLocation="http://www.loc.gov/MARC21/slim http://www.loc.gov/standards/marcxml/schema/MARC21slim.xsd"
    xmlns="http://www.loc.gov/MARC21/slim">

  <leader>00770cam a22002411  4500</leader>
  <datafield tag="999" ind1=" " ind2=" ">
    <subfield code="c">5190</subfield>
    <subfield code="d">5190</subfield>
  </datafield>
  <controlfield tag="001">10294849</controlfield>
  <controlfield tag="003">GBCCL</controlfield>
  <controlfield tag="005">20241126110535.0</controlfield>
  <controlfield tag="008">760214s1959    maua          000 0 eng  </controlfield>
  <datafield tag="010" ind1=" " ind2=" ">
    <subfield code="a">   59041032 </subfield>
  </datafield>
  <datafield tag="035" ind1=" " ind2=" ">
    <subfield code="a">(OCoLC)1990783</subfield>
  </datafield>
  <datafield tag="040" ind1=" " ind2=" ">
    <subfield code="a">DLC</subfield>
    <subfield code="c">CtFaU</subfield>
    <subfield code="d">DLC</subfield>
  </datafield>
  <datafield tag="042" ind1=" " ind2=" ">
    <subfield code="a">premarc</subfield>
  </datafield>
  <datafield tag="050" ind1="0" ind2="0">
    <subfield code="a">BT769</subfield>
    <subfield code="b">.S86</subfield>
  </datafield>
  <datafield tag="082" ind1=" " ind2=" ">
    <subfield code="a">234.1</subfield>
    <subfield code="b">SWI</subfield>
  </datafield>
  <datafield tag="100" ind1="1" ind2=" ">
    <subfield code="a">Swizdor, Matthew.</subfield>
    <subfield code="9">9345</subfield>
  </datafield>
  <datafield tag="245" ind1="1" ind2="0">
    <subfield code="a">God in me;</subfield>
    <subfield code="b">a popular explanation of sanctifying grace or the mystery of God's life in us.</subfield>
    <subfield code="c">Pref. by Lawrence J. Shehan. Illustrated by Kay B. Leitten.</subfield>
  </datafield>
  <datafield tag="260" ind1=" " ind2=" ">
    <subfield code="a">Granby, Mass.,</subfield>
    <subfield code="b">Franciscan Fathers</subfield>
    <subfield code="c">[1959]</subfield>
  </datafield>
  <datafield tag="300" ind1=" " ind2=" ">
    <subfield code="a">149 p.</subfield>
    <subfield code="b">illus.</subfield>
    <subfield code="c">23 cm.</subfield>
  </datafield>
  <datafield tag="650" ind1=" " ind2="0">
    <subfield code="a">Mystical union.</subfield>
    <subfield code="9">8822</subfield>
  </datafield>
  <datafield tag="906" ind1=" " ind2=" ">
    <subfield code="a">7</subfield>
    <subfield code="b">cbc</subfield>
    <subfield code="c">oclcrpl</subfield>
    <subfield code="d">u</subfield>
    <subfield code="e">ncip</subfield>
    <subfield code="f">19</subfield>
    <subfield code="g">y-gencatlg</subfield>
  </datafield>
  <datafield tag="942" ind1=" " ind2=" ">
    <subfield code="2">ddc</subfield>
    <subfield code="c">BK</subfield>
  </datafield>
  <datafield tag="952" ind1=" " ind2=" ">
    <subfield code="0">0</subfield>
    <subfield code="1">0</subfield>
    <subfield code="2">ddc</subfield>
    <subfield code="4">0</subfield>
    <subfield code="7">0</subfield>
    <subfield code="a">GBC</subfield>
    <subfield code="b">GBC</subfield>
    <subfield code="c">TH</subfield>
    <subfield code="d">2018-03-02</subfield>
    <subfield code="l">0</subfield>
    <subfield code="o">234.1 SWI</subfield>
    <subfield code="p">000627</subfield>
    <subfield code="r">2025-05-01 00:00:00</subfield>
    <subfield code="t">c.1</subfield>
    <subfield code="w">2018-03-02</subfield>
    <subfield code="y">BK</subfield>
  </datafield>
</record>
